Central Library OPAC University of Rajshahi

পূর্ব বাংলার সমাজ ও রাজনীতি / (Record no. 76257)

MARC details
000 -LEADER
fixed length control field 00821nam a2200205 a 4500
001 - CONTROL NUMBER
control field 76257
003 - CONTROL NUMBER IDENTIFIER
rucl marc code BD-RjUL
005 - DATE AND TIME OF LATEST TRANSACTION
control field 20211209082821.0
008 - FIXED-LENGTH DATA ELEMENTS--GENERAL INFORMATION
fixed length control field 191118r20141970bg a b 001 0 eng d
035 ## - SYSTEM CONTROL NUMBER
System control number (BD-RjUL)76478
040 ## - CATALOGING SOURCE
Original cataloging agency BD-RjUL
Transcribing agency BD-RjUL
Language of cataloging eng
082 ## - DEWEY DECIMAL CLASSIFICATION NUMBER
Edition number 23
Classification number 954.92
Author mark and year AHP 2014
100 ## - MAIN ENTRY--PERSONAL NAME
Personal name আহ্‌মদ, কামরুদ্দীন
9 (RLIN) 229401
245 10 - TITLE STATEMENT
Title পূর্ব বাংলার সমাজ ও রাজনীতি /
Statement of responsibility, etc. কামরুদ্দীন আহ্‌মদ
260 ## - PUBLICATION, DISTRIBUTION, ETC. (IMPRINT)
Place of publication, distribution, etc. ঢাকা :
Name of publisher, distributor, etc. মাওলা ব্রাদার্স,
Date of publication, distribution, etc. ১৯৭০ [মুদ্রণ ]২০১৪
300 ## - PHYSICAL DESCRIPTION
Pagination ১৮২ পৃ. ;
Size ২১ সেমি.
650 ## - SUBJECT ADDED ENTRY--TOPICAL TERM
Topical term or geographic name as entry element বাংলাদেশ
General subdivision ইতিহাস
9 (RLIN) 235026
651 ## - SUBJECT ADDED ENTRY--GEOGRAPHIC NAME
Geographic name Bangladesh
General subdivision History
9 (RLIN) 229402
942 ## - ADDED ENTRY ELEMENTS (KOHA)
Source of classification or shelving scheme Dewey Decimal Classification
Koha item type Books
Holdings
Lost status Source of classification or shelving scheme Damaged status Not for loan Collection code Permanent Location Current Location Shelving location Date acquired Source of acquisition Cost, normal purchase price Total Checkouts Full call number Date last seen Date checked out Copy number Koha item type
  Dewey Decimal Classification     Non-fiction Central Library, University of Rajshahi Central Library, University of Rajshahi   11/11/2019 Biddasagar, Rajshahi 250.00 3 B 954.92 AHP 2014 25/09/2022 05/09/2022 C-2 Books
  Dewey Decimal Classification   Not For Loan Non-fiction Central Library, University of Rajshahi Central Library, University of Rajshahi Reading Room 11/11/2019 Biddasagar, Rajshahi 250.00   B 954.92 AHP 2014 18/11/2019   C-1 Books